Economía natural y economía monetaria (Registro nro. 71795)
[ vista simple ]
| 000 -ENCABEZADO | |
|---|---|
| Número de control [NR] | 00956nam a2200265Ia 4500 |
| 008 - DE LONGITUD FIJA DE DATOS DE ELEMENTOS - INFORMACIÓN GENERAL | |
| Elementos de longitud fija [NR] | 130821s1943 mx gr spa |
| 040 ## - FUENTE DE CATALOGACION [NR] | |
| Agencia de catalogación original [NR] | Co-BoUCM |
| Idioma de catalogación [NR] | spa |
| 041 00 - CODIGO DE IDIOMA [R] | |
| Código de idioma para texto/pista de sonido o título separado [R] | Español |
| 100 1# - ASIENTO PRINCIPAL--NOMBRE PERSONAL [NR] | |
| Nombre personal [NR] | Dopsch, Alfons |
| ID Autoridad | 142203 |
| 245 10 - MENCION DE TITULO [NR] | |
| Título [NR] | Economía natural y economía monetaria |
| Mención de responsabilidad, etc. [NR] | Alfons Dopsch ; versión española de José Rovira |
| 260 ## - PUBLICACION, DISTRIBUCION, ETC. (PIE DE IMPRENTA) [R] | |
| Lugar de publicación, distribución, etc. [R] | México D.F. (México) |
| Nombre del editor, distribuidor, etc. [R] | Fondo de Cultura Economica |
| Fecha de publicación, distribución, etc. [R] | 1943 |
| 300 ## - DESCRIPCION FISICA [R] | |
| Extensión [R] | 323 páginas |
| 490 #0 - MENCION DE SERIE [R] | |
| Mención de serie [R] | Seccion de Obras de Economía. |
| Designación numérica/secuencial del volumen [NR] | III |
| Mención de serie [R] | Grandes Estudios |
| 500 ## - NOTA GENERAL [R] | |
| Nota general [NR] | Donación Dr. Álvaro Daza Roa. |
| 500 ## - NOTA GENERAL [R] | |
| Nota general [NR] | Incluye índice. |
| 650 04 - ASIENTO SECUNDARIO DE MATERIA - TERMINO TEMATICO [R] | |
| Término temático o nombre geográfico como elemento de entrada [NR] | Economía |
| 9 (RLIN) | 174 |
| 650 04 - ASIENTO SECUNDARIO DE MATERIA - TERMINO TEMATICO [R] | |
| Término temático o nombre geográfico como elemento de entrada [NR] | Economía |
| Subdivisión general [R] | Historia |
| 9 (RLIN) | 33748 |
| 650 04 - ASIENTO SECUNDARIO DE MATERIA - TERMINO TEMATICO [R] | |
| Término temático o nombre geográfico como elemento de entrada [NR] | Finanzas |
| 9 (RLIN) | 7628 |
| 650 04 - ASIENTO SECUNDARIO DE MATERIA - TERMINO TEMATICO [R] | |
| Término temático o nombre geográfico como elemento de entrada [NR] | Teoría económica |
| Subdivisión general [R] | Historia |
| 9 (RLIN) | 55935 |
| 650 04 - ASIENTO SECUNDARIO DE MATERIA - TERMINO TEMATICO [R] | |
| Término temático o nombre geográfico como elemento de entrada [NR] | Teoría monetaria |
| Subdivisión general [R] | Historia |
| 9 (RLIN) | 8147 |
| 700 1# - ASIENTO SECUNDARIO - NOMBRE PERSONAL [R] | |
| Nombre personal [NR] | Rovira, José |
| Término de relación [R] | |
| 9 (RLIN) | 142204 |
| 710 2# - ASIENTO SECUNDARIO - NOMBRE CORPORATIVO [R] | |
| Nombre corporativo o de jurisdicción como elemento de entrada [NR] | Fondo de Cultura Economica |
| 9 (RLIN) | 53965 |
| 942 ## - ELEMENTOS DE ENTRADA AGREGADOS (KOHA) | |
| Tipo de ítem principal el descrito en 300a | Libro |
| Tema principal | Economía |
| Edición | 1 |
| Parte restante de la signatura top. | D692e |
| Sistema de clasificación | DEWEY |
| Clasificación | 332.4 |
| Fecha de último préstamo | Signatura topográfica | Código de barras | Última vez visto | Ejemplar | Price effective from | Tipo de ítem | Perdido | Sistema de clasificación | Dañado | No prestable | Tipo de ítem específico | Suprimido | Ubicación habitual | Ubicación actual | Localización | Fecha de creación | Forma de adquisición | Costo |
|---|---|---|---|---|---|---|---|---|---|---|---|---|---|---|---|---|---|---|
| 01/04/2011 | FAD 332.4 D692e | 100111694 | 09/05/2018 | Ej.1 | 03/02/2013 | Libro | DEWEY | Fondos especiales | Archivo Histórico | Archivo histórico | 30/09/2011 | Donación | 26000.00 |